000 00439nam a22001697a 4500
005 20251017133659.0
008 251017b |||||||| |||| 00| 0 eng d
020 _qhbk
041 _aeng
082 _a581.1308
_bSAX
100 _aSaxton, W.t.
245 _aAdditional Notes On Plants Of North Gujarat
_cW.T.Saxton
250 _a1st
260 _aDehra Dun
_bBishen Singh Mahendra Pal Singh
_c1978
650 _aBotany
942 _cREF
999 _c592106
_d592106